000 00347nam a22001457a 4500
003 OSt
005 20160727222342.0
008 160620b xxu||||| |||| 00| 0 eng d
040 _cTEST
100 _9134
_aBryant, R
245 _aThe Ugly Duckling
_bThe Ugly Duckling
260 _aTormont Pub.
_c1998
300 _aThe Ugly Duckling
942 _2ddc
_cBK
999 _c106
_d106